000 00305nam a22001337a 4500
008 170216b xxu||||| |||| 00| 0 eng d
020 _a9780077307608
041 _aeng
080 _22ND
_a61
100 _a4
101 _aSHM
245 _aCULTURALLY COMPETENT HEALTH CARE
_cPURNELL, L.D
942 _2udc
_cBK
999 _c5679
_d5679